|
|
|
|
| LEADER |
01536nam a2200457 a 4500 |
| 001 |
nkc20102106505 |
| 003 |
CZ PrNK |
| 005 |
20101126104125.0 |
| 007 |
ta |
| 008 |
101105s2010 xr c e e 000 0dcze |
| 015 |
|
|
|a cnb002106505
|
| 020 |
|
|
|a 978-80-87435-00-7
|q (brož.)
|
| 035 |
|
|
|a (OCoLC)693924992
|
| 040 |
|
|
|a ABA001
|b cze
|
| 043 |
|
|
|a e-xr---
|
| 045 |
|
|
|a w-x-
|
| 072 |
|
7 |
|a 133
|x Ezoterismus. Okultismus
|2 Konspekt
|9 17
|
| 072 |
|
7 |
|a 929
|x Biografie
|2 Konspekt
|9 8
|
| 080 |
|
|
|a 133-051
|2 MRF
|
| 080 |
|
|
|a 929
|2 MRF
|
| 080 |
|
|
|a (437.3)
|2 MRF
|
| 080 |
|
|
|a (031)
|2 MRF
|
| 100 |
1 |
|
|a Jůna, Martin,
|d 1986-
|7 hka2010594303
|4 aut
|
| 245 |
1 |
0 |
|a Encyklopedie okultismu, filosofie a mytologie :
|b čeští okultisté 19. a 20. století /
|c Martin Jůna, Jan Jůna
|
| 246 |
3 |
0 |
|a Čeští okultisté 19. a 20. století
|
| 250 |
|
|
|a Vyd. 1.
|
| 260 |
|
|
|a Jindřichův Hradec :
|b Epika,
|c 2010
|
| 300 |
|
|
|a 80 s. :
|b portréty ;
|c 18 cm
|
| 550 |
|
|
|a Vydavatel: Jan Medek
|
| 648 |
|
7 |
|a 19.-20. století
|7 ch757015
|2 czenas
|
| 650 |
0 |
7 |
|a okultisté
|7 ph123721
|z Česko
|y 19.-20. století
|2 czenas
|
| 650 |
0 |
9 |
|a occultists
|z Czechia
|y 19th-20th centuries
|2 eczenas
|
| 655 |
|
7 |
|a encyklopedie
|7 fd132201
|2 czenas
|
| 655 |
|
9 |
|a encyclopedias
|2 eczenas
|
| 700 |
1 |
|
|a Jůna, Jan,
|d 1956-
|7 pna2006337818
|4 aut
|
| 910 |
2 |
|
|a BOA001
|b 1-1251.972
|
| 928 |
9 |
|
|a Jan Medek
|
| 990 |
|
|
|a BK
|
| 995 |
|
|
|a 01
|
| 991 |
|
|
|b 201011
|c NOV
|e n
|
| 996 |
6 |
|
|b 2610451720
|c 1-1251.972
|l MZK
|r Sklad / do 1 hodiny
|n 5
|p p.v.
|w 001154094
|u 000010
|a 1
|e BOA001
|j MZK50
|s P
|